A nagyhatalmak és az Osztrák-Magyar Monarchia felbomlása
Elmentve itt :
| Szerző: | |
|---|---|
| Dokumentumtípus: | Könyv része |
| Megjelent: |
2001
|
| Sorozat: | Belvedere Meridionale kiskönyvtár
14 Magyarország és Európa : 1919-1939 14 |
| Kulcsszavak: | Osztrák-magyar monarchia felbomlása - 1918, Nemzetközi kapcsolatok - Európa - 1918-1919 |
| Tárgyszavak: | |
| Online Access: | http://acta.bibl.u-szeged.hu/5472 |
| LEADER | 00847naa a2200217 i 4500 | ||
|---|---|---|---|
| 001 | acta5472 | ||
| 005 | 20211202145739.0 | ||
| 008 | 161015s2001 hu o 0|| hun d | ||
| 022 | |a 1217-3495 | ||
| 040 | |a SZTE Egyetemi Kiadványok Repozitórium |b hun | ||
| 041 | |a hun | ||
| 100 | 1 | |a Romsics Ignác | |
| 245 | 1 | 2 | |a A nagyhatalmak és az Osztrák-Magyar Monarchia felbomlása |h [elektronikus dokumentum] / |c Romsics Ignác |
| 260 | |c 2001 | ||
| 300 | |a 5-15 | ||
| 490 | 0 | |a Belvedere Meridionale kiskönyvtár |v 14 | |
| 490 | 0 | |a Magyarország és Európa : 1919-1939 |v 14 | |
| 650 | 4 | |a Bölcsészettudományok | |
| 650 | 4 | |a Történettudomány és régészet | |
| 695 | |a Osztrák-magyar monarchia felbomlása - 1918, Nemzetközi kapcsolatok - Európa - 1918-1919 | ||
| 856 | 4 | 0 | |u http://acta.bibl.u-szeged.hu/5472/1/belvedere_kk_014_005-015.pdf |z Dokumentum-elérés |